Mathematics Topics - Statistics

General Stats
  • This quiz has been taken 216 times
  • The average score is 4 of 10
Answer Stats
Hint Answer % Correct
Relating to shapes Geometry
76%
Associated with triangles Trigonometry
70%
Applying mathematical processes to pronumerals Algebra
46%
What is the area of calculus that allows you to find the gradient of a function? Differentiation
36%
Straight line graphing Linear
35%
Summation Addition
30%
Tree diagrams are often used in this topic Probability
29%
Used for solving for exponents. Also a part of a tree Logarithms
20%
Consists of several terms with variable(s) Polynomials
18%
The variable x to the power of 2 Quadratics
14%
No matching quizzes found
Score Distribution
Percent of People with Each Score
Percentile by Number Answered
Your Score History
You have not taken this quiz